[Event "BAN-chB 43rd"]
[Site "Dhaka"]
[Date "2017.11.10"]
[Round "4"]
[White "Md, Shan Parvej"]
[Black "Shawket Bin, Osman Shaon"]
[Result "0-1"]
[WhiteElo "1884"]
[BlackElo "2081"]
[PlyCount "84"]
[EventDate "2017.11.07"]
[EventType "swiss"]
[EventRounds "11"]
[EventCountry "BAN"]
[SourceTitle "CBM 181 Extra"]
[Source "ChessBase"]
[SourceDate "2017.12.12"]
[SourceVersion "1"]
[SourceVersionDate "2017.12.12"]
[SourceQuality "1"]

1. e4 d5 2. exd5 Qxd5 3. Nf3 Nf6 4. Be2 Bf5 5. Nc3 Qa5 6. Nd4 Bg6 7. 0-0 e6 8. Bf3 c6 9. d3 Nbd7 10. Bd2 Qc7 11. Ne4 Nxe4 12. Bxe4 Bxe4 13. dxe4 Qe5 14. Bc3 Qxe4 15. Re1 Qd5 16. Qe2 0-0-0 17. b4 Nb6 18. Nf3 Qc4 19. Qxc4 Nxc4 20. Ng5 Nd6 21. a4 Be7 22. Nf3 Bf6 23. Bxf6 gxf6 24. Red1 Nf5 25. Kf1 Rhg8 26. h3 e5 27. Rxd8+ Rxd8 28. g4 Ne7 29. b5 c5 30. c4 Ng6 31. Re1 Nf4 32. g5 Rd3 33. Re3 e4 34. Rxd3 Nxd3 35. Nd2 f5 36. h4 Kd7 37. a5 b6 38. axb6 axb6 39. Nb1 Nb2 40. Nd2 Ke6 41. Ke2 Ke5 42. f3 Kd4 0-1

[Event "BAN-chB 43rd"]
[Site "Dhaka"]
[Date "2017.11.09"]
[Round "3"]
[White "Uddin, Saif"]
[Black "Md, Shan Parvej"]
[Result "1-0"]
[WhiteElo "2107"]
[BlackElo "1884"]
[PlyCount "67"]
[EventDate "2017.11.07"]
[EventType "swiss"]
[EventRounds "11"]
[EventCountry "BAN"]
[SourceTitle "CBM 181 Extra"]
[Source "ChessBase"]
[SourceDate "2017.12.12"]
[SourceVersion "1"]
[SourceVersionDate "2017.12.12"]
[SourceQuality "1"]

1. Nf3 Nf6 2. b4 d5 3. Bb2 e6 4. a3 c5 5. bxc5 Bxc5 6. e3 0-0 7. d4 Bd6 8. Be2 Qb6 9. Ra2 Ne4 10. 0-0 Nd7 11. Nbd2 Ndf6 12. c4 Qa5 13. c5 Be7 14. Qc2 Bd7 15. a4 Rac8 16. Nxe4 dxe4 17. Ne5 Bc6 18. Nxc6 bxc6 19. Bc3 Qc7 20. Rb1 Rb8 21. Rab2 Rxb2 22. Qxb2 Nd5 23. Bd2 Rd8 24. Qb7 Rd7 25. Qxc7 Rxc7 26. Rb8+ Bf8 27. Ba5 Rd7 28. Ba6 Ne7 29. Rb7 Rxb7 30. Bxb7 f6 31. Bc7 e5 32. dxe5 f5 33. a5 Kf7 34. Bb8 1-0